000 00616cam a2200145 4500500
005 20260208010220.0
041 _afre
042 _adc
100 1 0 _aFix, Florence
_eauthor
245 0 0 _aAlexandre Dumas, La Tour de Nesle . Édition critique par Claude Schopp. Paris, Gallimard, « folio théâtre », n° 157, 2014. Un vol. de 336 p.
260 _c2016.
500 _a59
786 0 _nRevue d'histoire littéraire de la France | 116 | 1 | 2016-03-07 | p. 193t-264t | 0035-2411
856 4 1 _uhttps://shs.cairn.info/revue-d-histoire-litteraire-de-la-france-2016-1-page-193t?lang=fr&redirect-ssocas=7080
999 _c1655616
_d1655616